000 00332 a2200133 4500
000 nam a22 7a 4500
005 20260107153535.0
100 _aNegi, C.S.
_9862768
245 _aTraditional Ecological Knowledge and Ethnobotany
260 _bBSMPS
_c2024
440 _aVolume 1
_9862769
490 _aVolume 1
942 _cTEXL
999 _c1467179
_d1467179